000 00647cam a22001575a 4500
001 L141157
008 071031s1890 xxk eng u
035 _a(Sirsi) u141157
110 2 _aEdwin Fox and Bousfield
_95433
245 0 4 _aThe New River...particulars and conditions of sale of a King's freehold share...for sale by auction by Messrs. Edwin Fox and Bousfield at the Mart, Tokenhouse Yard, Bank of England on Wednesday the 21st day of May 1890...
260 _aS.l.
_bs.n.
_c[1890]
300 _a18 p.
_c29 cm.
651 4 _aLondon
690 _aPROPERTY-PROPERTY ACQUISITION AND DISPOSAL-ACQUISITION AND DISPOSAL AT AUCTION
942 _n0
999 _c116629
_d116629